000 01400 a2200205 4500
020 _a0521459036 (paperback)
020 _a9780725103972 (paperback)
082 0 4 _a423.1
090 _c4537
_d4537
100 1 _aJones, Daniel.
245 1 0 _aEnglish pronouncing dictionary /
_cDaniel Jones, Peter Roach, James Hartman.
250 _a15th ed.
260 _a[S.l.] :
_bCambridge University Press,
_c1997.
300 _a581 p. ;
_c23 cm.
520 _aA major new edition of the classic guide to English pronunciation: *Over 18, 000 new entries added *Full coverage of North American pronunciation *New, clearer layout *Stress patterns of thousands of compounds and idioms Areas of coverage have been selected to reflect today's interests and needs, and, as well as general vocabulary, include: *People: from ancient times to people in the news today *Places: thousands of British and US place names as well as major towns and cities of the world *Science and technology: including computing, medicine and communications * Literature: authors, place names and characters from major works of literature *Encyclopedic: religions, philosophies, historic events All pronunciations use the International Phonetic Alphabet.
700 1 _aRoach, Peter.
700 1 _aHartman, James.
856 4 0 _3Amazon.com
_uhttp://www.amazon.com/exec/obidos/ASIN/0521459036/chopaconline-20
942 _aNBS
_cBK
_k423 JON
999 _c346980
_d346980